000 01133nam a2200301 4500
001 0000018406
003 CO-CtgCURN
005 20250329164827.0
007 ta
008 160627s1996 000 0 eng d
020 _a8425217040
040 _aCO-CtgCURN
_bspa
_ccoctgcurn
082 0 _a724.9
_bS24
100 1 _aSchezen, Roberto.
245 1 0 _aAdolf Loos :
_barquitectura 1903-1932 /
_cRoberto Schezen , Introducción de Kenneth Frampton , descripcion de los edificios a cargo de Joseph Rosa , version castellana Carlos Saenz de Valicourth.
260 _aBarcelona :
_bEditorial Gustavo Gili,
_c1996.
300 _a178 p.
336 _2rdacontent
337 _2rdamedia
_asin mediacion
_bn
338 _2rdacarrier
_avolumen
_bnc
500 _aIncluye bibliografia \ Titulo original. Adolf loos: architecture 1903-1932.
600 1 0 _aLoos, Adolf,
_d1870-1933
_vCritica e Interpretacion.
600 1 0 _aLoos, Adolf,
_d1870-1933
_vVida y obras.
650 1 4 _aArquitectos autriacos
_ySiglo XX.
908 _a160627
942 _cBK
_h724.9
_iS24
_2ddc
999 _c1662
_d1662